Responses for Show #8658 - Wednesday, June 8, 2022

Eric Ahasic game 3.

Contestants

[<< previous game]

Tessa Matsuzaki, a graphic designer from Vancouver, British Columbia, Canada

Maggie Sharpe, a high school math teacher from Los Angeles, California

Eric Ahasic, a meteorologist from Minneapolis, Minnesota (whose 2-day cash winnings total $40,001)

[next game >>]

Jeopardy! Round responses

FRENCH KINGS NAMED LOUIS
RECENT SLANG
PUT IT ON WHAT?
ALLITERATIVE SPORTS NO-NO's
LAUREL
CANYON
    $200 11
Louis XIV

Eric
    $200 6
(Mayim: Yes, that's good to know.)

Instagram

Eric
    $200 15
ice

Eric
    $200 5
a beanball

Triple Stumper
    $200 26
Michelin

Eric
    $200 12
British Columbia

Maggie
    $400 10
Napoleon

Tessa
    $400 22
ghosting

Eric
    $400 18
a horse

Eric
    $400 4
double dribbling

Maggie
    $400 27
railroad crossings

Eric
    $400 13
sequoias

Maggie
    $2,000 7
the Lionheart

Eric
    $600 23
Stan

Eric
    $600 19
(Tessa: What is a staircase?)

a Christmas tree

Tessa
Triple Stumper
    $600 1
a foot fault

Tessa
    $600 28
Quincy Jones

Tessa
    $600 14
Monterey

Triple Stumper
    $800 8
(Eric: What is Genoa?)

Milan

Eric
Triple Stumper
    $800 24
fire

Maggie
    $800 20
[NOTE: The record was "She's Not There" by the Zombies.]

a turntable

Triple Stumper
    $800 2
a flagrant foul

Eric
    $800 29
the Pritzker Prize

Eric
    $800 16
(Eric: What is Bryce Canyon?)

Zion

EricTessa
    $1000 9
Cardinal Richelieu

Tessa
    $1000 25
shipping

Tessa
    $1000 21
your head

Tessa
    $1000 3
five for fighting

Eric
    $1000 30
(Maggie: Who is Salinger?)

(Thomas) Pynchon

EricMaggie
    $1000 17
(Tessa: Sorry.)

Canyon de Chelly

Tessa
Triple Stumper

Scores at the first commercial break (after clue 15):

Eric Maggie Tessa
$3,600 $1,000 $2,000

Scores at the end of the Jeopardy! Round:

Eric Maggie Tessa
$6,600 $800 $3,800

Double Jeopardy! Round responses

FICTIONAL PLACES
AROUND THE WORLD
5-LETTERS, ENDS IN "O"
ELEMENTS & THEIR USES
STORIES OF THE SAINTS
LAUREL CANYON
    $400 17
(Suzanne) Collins

Maggie
    $400 6
penguins

Tessa
    $400 1
(Tessa: [*]? What is [*]?)

taboo

Tessa
    $400 13
helium

Maggie
    $400 20
Paul

Eric
    $400 23
the Doors

Eric
    $800 18
Eastwick

Tessa
    $800 7
Stonehenge

Eric
    $800 2
Pluto

Eric
    $800 14
sulfur

Maggie
    $800 21
levitation

Eric
    $800 24
(Graham) Nash

Eric
    $1200 19
(Douglas) Adams

Eric
    $1200 8
(Tessa: What is Jericho?)

the Masada

EricTessa
    $1200 3
Bravo

Tessa
    $7,000 11
silicon

Eric
    $5,000 12
television

Eric
    $1200 25
Glenn Frey

Tessa
    $1600 26
The Phantom Tollbooth

Triple Stumper
    $1600 9
Maracana

Tessa
    $1600 4
a salvo

Eric
    $1600 15
lithium

Maggie
    $1600 22
leeks

Maggie
    $1600 28
The Mamas & the Papas

Tessa
    $2000 27
Doctor Moreau

Tessa
    $2000 10
australis

Eric
    $2000 5
largo

Tessa
    $2000 16
(Maggie: What is palladium?)

plutonium

Maggie
Triple Stumper
    $2000 30
(Tessa: What is Lisbon?)

Fátima

Tessa
Triple Stumper
    $2000 29
(Frank) Zappa

Eric

Scores at the end of the Double Jeopardy! Round:

Eric Maggie Tessa
$30,600 $3,600 $11,800
(lock game)

[wagering suggestions for these scores]

Final Jeopardy! Round responses

AMERICAN HISTORY
(Mayim: [To Tessa] Crates of tea were dumped into Boston Harbor to protest the tax on tea and taxation without representation.)
MaggieWhat is the taking of Amistad?
$3,599
TessaWhat is the Boston Tea Party?
$4,599
EricWhat is the Boston Tea Party
$5,000
the Boston Tea Party

Final scores:

Eric Maggie Tessa
$35,600 $1 $16,399
3-day champion: $75,601 3rd place: $1,000 2nd place: $2,000

Game dynamics:

Coryat scores:

Eric Maggie Tessa
$19,600 $3,600 $11,800
26 R
(including 3 DDs),
2 W
9 R,
2 W
16 R,
4 W

Combined Coryat: $35,000

[game clues] [game scores] [suggest correction]

Game tape date: 2022-04-19
The J! Archive is created by fans, for fans. Scraping, republication, monetization, and malicious use prohibited; this site may use cookies and collect identifying information. See terms. The Jeopardy! game show and all elements thereof, including but not limited to copyright and trademark thereto, are the property of Jeopardy Productions, Inc. and are protected under law. This website is not affiliated with, sponsored by, or operated by Jeopardy Productions, Inc. Join the discussion at JBoard.tv.